Govt. of
Madhya Pradesh

Normal view MARC view

Entry Personal Name

Number of records used in: 6

001 - CONTROL NUMBER

  • control field: 23533

003 - CONTROL NUMBER IDENTIFIER

  • control field: OSt

005 - DATE AND TIME OF LATEST TRANSACTION

  • control field: 20151227160847.0

008 - FIXED-LENGTH DATA ELEMENTS

  • fixed length control field: 151227|| aca||aabn | a|a d

040 ## - CATALOGING SOURCE

  • Original cataloging agency: OSt
  • Transcribing agency: OSt

100 ## - HEADING--PERSONAL NAME

  • Personal name: Kaviraja, Gopi Natha

670 ## - SOURCE DATA FOUND

  • Source citation: Work cat.: (OSt)38642: Kaviraja, Gopi Natha, The Princess of Wales Sarasvati Bhavana Studies, 1924